LEADER 01007nam a2200277 i 4500 001 991000016239707536 005 20020509160541.0 008 000504s1995 it ||| | ita 020 $a8880570080 035 $ab11293639-39ule_inst 035 $aPARLA199710$9ExL 040 $aDip.to Scienze Storiche Fil. e Geogr.$bita 082 0 $a892.435 100 1 $aAgnon, Samuel Joseph$0440624 245 10$aRacconti di Kippur /$cShemuel Y. Agnon ; postfazione, traduzione e note di Emanuela Trevisan Semi 260 $aFirenze :$bGiuntina,$c1995 300 $a122 p. ;$c20 cm. 490 0 $aCollana Schulim Vogelmann ;$v52 650 4$aKippur - Racconti 700 1 $aTrevisan Semi, Emanuela 907 $a.b11293639$b23-02-17$c01-07-02 912 $a991000016239707536 945 $aLE009 Stor. 79.1-573$g1$i2009000019072$lle009$o-$pE0.00$q-$rl$s- $t0$u2$v2$w2$x0$y.i1146012x$z01-07-02 996 $aRacconti di Kippur$9153079 997 $aUNISALENTO 998 $ale009$b01-01-00$cm$da $e-$fita$git $h0$i1 LEADER 01139nam 2200409 450 001 9910148616603321 005 20230803214408.0 010 $a1-63459-028-7 035 $a(CKB)3710000000921629 035 $a(MiAaPQ)EBC5245704 035 $a(EXLCZ)993710000000921629 100 $a20180313h20142014 uy 0 101 0 $aeng 135 $aurcnu|||||||| 181 $2rdacontent 182 $2rdamedia 183 $2rdacarrier 200 10$aContracts $eobjective /$fby Robert D. Brain 210 1$aSt. Paul, Minnesota :$cWest Academic Publishing,$d2014. 210 4$dİ2014 215 $a1 online resource (510 pages) $cillustrations 225 1 $aExam Pro 311 $a0-314-28596-2 410 0$aExam pro. 606 $aContracts$zUnited States$vExaminations, questions, etc 606 $aContracts$vExaminations, questions, etc 615 0$aContracts 615 0$aContracts 676 $a346.7302076 700 $aBrain$b Robert D.$01374451 801 0$bMiAaPQ 801 1$bMiAaPQ 801 2$bMiAaPQ 906 $aBOOK 912 $a9910148616603321 996 $aContracts$93407653 997 $aUNINA